000 00711cam a2200241 i 4500
003 IT-RoINE
005 20190130063837.0
008 110629s2010 sp |r|||| 000 | spa d
020 _a9788483532706
040 _aSpMaBN
_cSpMaBN IT-RoINE
_dIT-RoINE
100 1 _aSayés, José Antonio,
_d1944-
_92829
245 1 3 _aLa gracia de Cristo /
_cJosé Antonio Sayés.
260 _aBurgos :
_bMonte Carmelo,
_cD.L. 2010.
300 _a599 p. ;
_c21 cm.
336 _2rdacontent
_atext
337 _2rdamedia
_aunmediated
338 _2rdacarrier
_avolume
490 1 _aEspíritu-norte
650 4 _aGracia (Teología)
_91419
650 4 _aJustificación
_92132
830 0 _95287
_aEspíritu-norte
942 _cMTS
999 _c28762
_d28762